Clean Air Act amendments of 1989 : a comparative discussion /

Bibliographic Details
Corporate Author: Library of Congress. Congressional Research Service
Other Authors: Blodgett, John E.
Format: Microform Book
Language:English
Published: [Washington, D.C.] : Congressional Research Service, Library of Congress, [1990]
Series:Major studies and issue briefs of the Congressional Research Service. Supplement ; 1990, reel 1, fr. 0406.
Subjects:

MARC

Tag First Indicator Second Indicator Subfields
LEADER 00000cam a2200000 a 4500
001 in00001294708
005 20151004091648.0
007 hd afa014baca
008 920925s1990 dcu a f000 0 eng d
035 |a (OCoLC)26665488 
035 |9 AGZ6507AM 
040 |a UP3  |c UP3  |d UtOrBLW 
043 |a n-us--- 
049 |a TXAI 
090 |a JK1108  |b .M35 Suppl. 1990 reel 1 
099 |a Film   |a  S   |a  1717 1990, reel 1, fr. 0406. 
245 0 0 |a Clean Air Act amendments of 1989 :  |b a comparative discussion /  |c John E. Blodgett [and others]. 
264 1 |a [Washington, D.C.] :  |b Congressional Research Service, Library of Congress,  |c [1990] 
300 |a 34 pages ;  |c 28 cm. 
336 |a text  |b txt  |2 rdacontent 
337 |a microform  |b h  |2 rdamedia 
338 |a microfilm reel  |b hd  |2 rdacarrier 
500 |a Cover title. 
500 |a At head of title: CRS report for Congress. 
500 |a "January 8, 1990." 
500 |a "90-30 ENR." 
533 |a Microfilm.  |b Arlington, Va. :  |c University Publications of America,  |d 1991.  |e on 1 microfilm reel ; 35 mm. Low reduction.  |f (Major studies and issue briefs of the Congressional Research Service. 1990 supplement ; reel 1, fr. 0406). 
500 |a Microform. 
650 0 |a Air  |x Pollution  |x Law and legislation  |z United States. 
650 0 |a Refuse and refuse disposal  |x Law and legislation  |z United States. 
650 0 |a Incinerators  |x Licenses  |z United States. 
700 1 |a Blodgett, John E. 
710 2 |a Library of Congress.  |b Congressional Research Service. 
830 0 |a Major studies and issue briefs of the Congressional Research Service.  |p Supplement ;  |v 1990, reel 1, fr. 0406. 
999 |a MARS 
999 f f |s 2da7ed8a-750c-3b56-8855-1b40c6f6bbe0  |i 2e9a3e58-2170-3ba0-a047-fd87deb1fe9a  |t 0 
952 f f |p default  |a Texas A&M University  |b College Station  |c Sterling C. Evans Library  |d Evans: Microforms (3rd floor)  |t 0  |e film S 1707 1990, reel 1 fr. 0406  |h Other scheme  |i microform -- microfilm reel 
998 f f |a film S 1707 1990, reel 1 fr. 0406  |t 0  |l Evans: Microforms (3rd floor)